| 000 | 00586nam a2200181Ia 4500 | ||
|---|---|---|---|
| 008 | 240729s9999 xx 000 0 und d | ||
| 022 | _a2008-6830 | ||
| 245 | 0 | _aJournal of Cardiovascular and Thoracic Research | |
| 260 | _aIran, Islamic Republic of | ||
| 260 | _bTabriz University of Medical Sciences | ||
| 650 | _a Diseases of the circulatory (Cardiovascular) system | ||
| 650 | _a Internal medicine | ||
| 650 | _a Specialties of internal medicine | ||
| 650 | _aMedicine | ||
| 856 | _uhttps://doaj.org/toc/7ee5a91c273c44e7ae3826e4cf8e7ff2 | ||
| 942 | _2ddc | ||
| 942 | _cDOAJEJ | ||
| 999 |
_c66094 _d66094 |
||
| 945 |
_a1 _bMadushi Gamage _c1 _dMadushi Gamage |
||